| 000 | 00477nam a22001817a 4500 | ||
|---|---|---|---|
| 003 | CEME | ||
| 005 | 20210628205652.0 | ||
| 008 | 210312b xxu||||| |||| 00| 0 eng d | ||
| 020 | _a81-7635-048-6 | ||
| 040 | _c. | ||
| 082 | _a005.7565 WHA | ||
| 100 |
_aWhalen, Edward _976554 |
||
| 245 | _aTeach yourself oracle 8 in 21 days | ||
| 260 |
_aNEW DELHI _bTECHMEDIA _c1999 |
||
| 300 | _a604P | ||
| 650 |
_aORACLE 8 IN 21 DAYS ORACLE 8-TEACH YOURSELF _976555 |
||
| 942 |
_cBK _2ddc |
||
| 999 |
_c581928 _d581928 |
||